000 01478nam0a2200337 4500
001 RU\NLR\bibl\113744
005 20250617093352.0
010 _a5-04-004391-0
_97000
021 _aRU
_b2000-24366
_91154
035 _a(NLR Aleph) 000111354
090 _a631760
_c631760
100 _a20001019d2000 |||y0rusy50 ca
101 1 _arus
_ceng
102 _aRU
105 _aa |||||||||
200 1 _aВы и ваша семья
_eРук. по личност. росту
_fВирджиния Сатир
_g[Пер. с англ. Е. Дониной, Н. Дмитриевой]
210 _aМ.
_cАпрель Пресс
_cЭКСМО-Пресс
_d2000
215 _a312, [2] с.
_cил.
_d22
225 1 _aПсихологическая коллекция
300 _aЗагл. и авт. ориг.: Peoplemaking / Virginia Satir
454 0 _12001#$aPeoplemaking$fVirginia Satir
_tPeoplemaking
606 0 _aСемья
_jПопулярная литература
_xСоциально-психологические исследования
_92170312
_3RU\NLR\auth\661305578
606 0 _aСемья
_jПопулярные издания
_xСоциально-психологические исследования
_92170312
_3RU\NLR\auth\661305578
686 _aС550.537я9
700 1 _aСатир
_bВ.
_gВирджиния
_4070
801 0 _aRU
_bNLR
_c20001019
_gPSBO
801 1 _aRU
_bNLR
_c20001019
852 _aNLR
_j2000-5/3157
942 _cBOOK
980 _aNB